Run: (Record no. 172303)

MARC details
000 -LEADER
fixed length control field 00613nam a22001937a 4500
005 - DATE AND TIME OF LATEST TRANSACTION
control field 20201110111946.0
010 ## - LCCN (DPL NO)
LC control number ENG-127586
020 ## - INTERNATIONAL STANDARD BOOK NUMBER
International Standard Book Number 9789351952770
Terms of availability 350.00
035 ## - SYSTEM CONTROL NUMBER
System control number EN-111118
037 ## - SOURCE OF ACQUISITION
Source of stock number/acquisition DBAD/PUB
082 ## - DEWEY DECIMAL CLASSIFICATION NUMBER
Classification number 613.7046
100 ## - MAIN ENTRY--PERSONAL NAME
Personal name Billimoria, Ayesha
245 ## - TITLE STATEMENT
Title Run:
Remainder of title The Ultimate mind-body fitness guide/
Statement of responsibility, etc by Ayesha BIllimore [and] Dhvani Solani
260 ## - PUBLICATION, DISTRIBUTION, ETC. (IMPRINT)
Place of publication, distribution, etc Gurugram
Name of publisher, distributor, etc Hachette India
Date of publication, distribution, etc 2019
270 ## - ADDRESS
City Gurugram
Address 4th & 5th floor , corporate centre, plot no-94,sector-44
Postal code 122003
300 ## - PHYSICAL DESCRIPTION
Extent 161p.
Other physical details 20 cm(pbk)
500 ## - GENERAL NOTE
General note
942 ## - ADDED ENTRY ELEMENTS (KOHA)
Source of classification or shelving scheme Dewey Decimal Classification
Item type English Books
Classification part 613.7046
Call number suffix BAL
Holdings
Withdrawn status Lost status Not for loan Collection code Home library Current library Date acquired Source of acquisition Cost, normal purchase price Full call number Barcode Copy number Cost, replacement price Koha item type
      Non-fiction Sarojini Nagar Sarojini Nagar 31/01/2020 DBAD/PUB 350.00 613.7046 BIL EN-111118 1 350.00 English Books

© Delhi Public Library
Hit Counter
free hit counter